|
|
|
|
| LEADER |
00000cam a2200000 7i4500 |
| 001 |
0000006391 |
| 002 |
000006899 |
| 005 |
20020418.0 |
| 020 |
|
|
|a 1854861018
|
| 090 |
0 |
0 |
|a 684.08
|b BES
|
| 245 |
0 |
4 |
|a The best of woodworker :
|b a selection of projects from over 90 years of the world's best woodworking magazine
|c compiled by Zachary Taylor
|
| 260 |
|
|
|a England :
|b Argus Books ,
|c 1994
|
| 300 |
|
|
|a 150p. ;
|c 29cm.
|
| 650 |
0 |
0 |
|a Woodwork
|
| 650 |
0 |
0 |
|a Woodworkers
|
| 700 |
1 |
|
|a Taylor, Zachary ,
|e compiled
|
| 999 |
|
|
|a 037996
|b BUKU
|c PINJAMAN
|e PERPUSTAKAAN KOMUNITI PETALING JAYA
|
| 999 |
|
|
|a 081695
|b BUKU
|c PINJAMAN
|e PERPUSTAKAAN KOMUNITI PETALING JAYA
|